[Event "FIDE World Cup 2011"]
[Site "Khanty-Mansiysk RUS"]
[Date "2011.09.14"]
[Round "6.5"]
[White "Grischuk,A"]
[Black "Ivanchuk,V"]
[Result "1-0"]
[WhiteElo "2746"]
[BlackElo "2768"]

1.e4 e6 2.d4 d5 3.e5 c5 4.c3 Nc6 5.Nf3 Bd7 6.Be2 Nge7 7.O-O Ng6 8.g3 Be7
9.h4 O-O 10.h5 Nh8 11.dxc5 Bxc5 12.b4 Be7 13.b5 Na5 14.h6 f5 15.hxg7 Kxg7
16.Kg2 Ng6 17.Rh1 Rf7 18.Bh6+ Kh8 19.Nbd2 Qc7 20.Rc1 Rg8 21.c4 d4 22.Bd3 b6
23.Nxd4 Qxe5 24.N2f3 Qc7 25.Ng5 Bxg5 26.Bxg5 e5 27.Qh5 Bc8 28.c5 exd4 29.cxb6 Bb7+
30.Kg1 Qe5 31.Rc7 Rxc7 32.bxc7 Rg7 33.Rh2 Rxc7 34.Qxg6 Rc1+ 35.Bxc1  1-0

[Event "FIDE World Cup 2011"]
[Site "Khanty-Mansiysk RUS"]
[Date "2011.09.16"]
[Round "7.1"]
[White "Ivanchuk,V"]
[Black "Ponomariov,R"]
[Result "1/2-1/2"]
[WhiteElo "2768"]
[BlackElo "2764"]

1.c4 Nf6 2.Nc3 e5 3.g3 Bb4 4.Nf3 Nc6 5.Bg2 O-O 6.O-O Bxc3 7.bxc3 Re8 8.Rb1 e4
9.Nd4 d5 10.cxd5 Qxd5 11.Nb5 Qd7 12.d3 a6 13.Nd4 Nd5 14.Bb2 Nxd4 15.cxd4 e3
16.Qc1 c6 17.Be4 Qg4 18.f3 Qe6 19.Qc5 b6 20.Bxd5 cxd5 21.Qc7 Re7 22.Qd8+ Re8
23.Qc7 Re7 24.Qf4 f6 25.Ba3 g5 26.Qd6 Qxd6 27.Bxd6 Rb7 28.Rfc1 Bd7 29.g4 Kf7
30.Kg2 h5 31.h3 Rh8 32.Rb2 Ba4 33.Bh2 hxg4 34.hxg4 Kg6 35.a3 a5 36.Bd6 b5
37.Rc6 Ra8 38.Be5 Rf7 39.Rb6 Rc8 40.f4 gxf4 41.Kf3 Rc1 42.Bxf4 Rf1+ 43.Kg3 Rg1+
44.Kf3 Rf1+ 45.Kg3 Rg1+  1/2-1/2

[Event "FIDE World Cup 2011"]
[Site "Khanty-Mansiysk RUS"]
[Date "2011.09.18"]
[Round "7.3"]
[White "Ivanchuk,V"]
[Black "Ponomariov,R"]
[Result "1/2-1/2"]
[WhiteElo "2768"]
[BlackElo "2764"]

1.c4 Nf6 2.d4 g6 3.Nc3 d5 4.Nf3 Bg7 5.Qb3 dxc4 6.Qxc4 O-O 7.e4 Bg4 8.Be3 Nfd7
9.Rd1 Nc6 10.Be2 Nb6 11.Qc5 Qd6 12.e5 Qxc5 13.dxc5 Nc8 14.Bf4 Bxf3 15.Bxf3 Nxe5
16.Bxe5 Bxe5 17.O-O c6 18.Rfe1 Bg7 19.Rd7 Rb8 20.Ne4 Bxb2 21.g3 b6 22.Rc7 Rd8
23.Rxc6 bxc5 24.Nxc5 Bd4 25.Rd1 Nb6 26.Na6 Rbc8 27.Nb4 Bf6 28.Rxd8+ Rxd8
29.Rc7 Rd7 30.Rxd7 Nxd7 31.Nc6 a6 32.a4 Nc5 33.a5 Kf8 34.Be2 Bc3 35.Nb8 Bxa5
36.Nxa6 Nb3 37.Bd1 Nd4 38.Nc5 Bb4 39.Nd3 Bd6 40.f4 h6 41.Kf2 g5 42.Ke3 Nf5+
43.Kf3 e6 44.Nf2 Ba3 45.Nd3 Ke7 46.Kf2 Bd6 47.Bh5 Bc7 48.Kg2 Ne3+ 49.Kf2 Nd5
50.fxg5 hxg5 51.Bf3 Bb6+ 52.Ke2 Nc3+ 53.Kd2 Nb5 54.g4 Kd6 55.h3 Bd4 56.Ke2 Bg1
57.Kf1 Nd4 58.Be4 Be3 59.Kg2 Bd2 60.Ba8 Be3 61.Kg3 Nb5 62.Bb7 Kc7 63.Bg2 Nd6
64.h4 gxh4+ 65.Kxh4 Kd7 66.g5 Ke7 67.Kg4 Bd2 68.Bc6 Kf8 69.Nc5 Bb4 70.Ne4 Nf5
71.Kh5 Ba3 72.Ba4 Bc1 73.Bc2 Kg7 74.Bd3 Nd4 75.Bb1 Nf3 76.Bc2 Be3 77.Bd3 Kf8
78.Bc2 Ke7 79.g6 f5 80.Nd6 Bd4 81.Nxf5+ exf5 82.Bxf5 Bg7  1/2-1/2

[Event "FIDE World Cup 2011"]
[Site "Khanty-Mansiysk RUS"]
[Date "2011.09.19"]
[Round "7.4"]
[White "Ponomariov,R"]
[Black "Ivanchuk,V"]
[Result "1/2-1/2"]
[WhiteElo "2764"]
[BlackElo "2768"]

1.d4 Nf6 2.c4 e6 3.Nf3 b6 4.g3 Ba6 5.Qb3 d5 6.cxd5 Qxd5 7.Nc3 Qxb3 8.axb3 Bb7
9.Bg2 a6 10.O-O Nbd7 11.Bg5 Bd6 12.Rfc1 O-O 13.Nd2 Bxg2 14.Kxg2 Rfc8 15.Nce4 Bf8
16.Bxf6 gxf6 17.g4 c5 18.dxc5 Bxc5 19.Nf3 Kf8 20.b4 Bxb4 21.Rxa6 Bc5 22.Rca1 Rxa6
23.Rxa6 b5 24.Ra5 b4 25.Rb5 Be7 26.b3 Rc7 27.Nd4 Kg7 28.f4 Bf8 29.e3 Kg6
30.h4 Kg7 31.Kf3 Be7 32.Ke2 Nc5 33.Nd2 Nb7 34.Nc4 Nc5 35.Nd2 Nb7 36.Ne4 Nd6
37.Rc5 Rxc5 38.Nxc5 h5 39.gxh5 Kh6 40.Nc6 Bf8 41.Nxb4 Kxh5 42.Nc6 Kxh4 43.Kf3 Kh5
44.b4 Kg6 45.Nd7 Bh6 46.Ke2 e5 47.Ne7+ Kg7 48.Kf3 exf4 49.e4 Nb5 50.Kg4 f3
51.Nf5+ Kh8 52.Kxf3 Bd2 53.Nxf6 Bxb4 54.e5 Bc3 55.Ke4 Nc7 56.Nd7 Kh7 57.Kf4 Nd5+
58.Ke4 Nc7 59.Ne7 Kg7 60.Kf5 Bb4 61.Nc6 Ba3 62.Nd4 Ne6 63.Nxe6+ fxe6+ 64.Kxe6 Bb2
65.Ke7 Bxe5 66.Nxe5  1/2-1/2

[Event "Sportaccord WMG Rapid"]
[Site "Beijing CHN"]
[Date "2011.12.09"]
[Round "1"]
[White "Giri,A"]
[Black "Ivanchuk,V"]
[Result "1/2-1/2"]
[WhiteElo "2714"]
[BlackElo "2775"]

1.e4 c5 2.Nf3 d6 3.d4 cxd4 4.Nxd4 Nf6 5.Nc3 a6 6.Bg5 e6 7.f4 Qc7 8.Bxf6 gxf6
9.Qd3 b5 10.f5 b4 11.Nd1 e5 12.Nb3 Bh6 13.a3 Nc6 14.c3 bxc3 15.Nxc3 Ne7 16.Rb1 Rb8
17.Na1 d5 18.Nxd5 Nxd5 19.Qxd5 Rxb2 20.Rxb2 Qc1+ 21.Ke2 Qxb2+ 22.Kf3 Bb7
23.Qc5 Rg8 24.Qb4 Qxb4 25.axb4 Bd2 26.Nc2 Ke7 27.Bd3 Bc3 28.Rb1 Rd8 29.Ke2 Rd6
30.Rb3 Bd4 31.Ra3 h5 32.g3 Bg1 33.h4 Bb6 34.Rc3 Rc6 35.Rxc6 Bxc6 36.Ne3 Bxe3
37.Kxe3 Bb5 38.Be2 Bxe2 39.Kxe2 Ke8 40.Kf3 Kf8 41.Kf2 Ke8 42.Ke3 Ke7 43.Kd3 Kd7
44.Kd2 Kd6 45.Ke3 Ke7 46.Ke2 Ke8 47.Kd2 Kd8 48.Kc3 Kc7 49.Kd3 Kd7 50.Kd2 Kd8
51.Kc2 Kc7 52.Kc3 Kc6 53.Kd2 Kd7 54.Ke3  1/2-1/2

[Event "Sportaccord WMG Rapid"]
[Site "Beijing CHN"]
[Date "2011.12.10"]
[Round "4"]
[White "Ivanchuk,V"]
[Black "Karjakin,Sergey"]
[Result "0-1"]
[WhiteElo "2775"]
[BlackElo "2763"]

1.d4 d5 2.c4 c6 3.Nf3 Nf6 4.Qb3 dxc4 5.Qxc4 Bf5 6.g3 e6 7.Bg2 Nbd7 8.O-O Be7
9.e3 O-O 10.Qe2 Qc7 11.Nc3 e5 12.h3 Rfe8 13.e4 exd4 14.Nxd4 Bg6 15.Bf4 Qb6
16.Be3 Bc5 17.Na4 Qc7 18.Nxc5 Nxc5 19.f3 Qxg3 20.b4 Ne6 21.Qf2 Qxf2+ 22.Kxf2 Nxd4
23.Bxd4 Nh5 24.Rfe1 Nf4 25.Bf1 Ne6 26.Bc3 f6 27.a4 Bf7 28.a5 Rad8 29.Red1 a6
30.h4 Nc7 31.Rd4 Ne6 32.Rdd1 Kf8 33.Kg3 Nc7 34.Bd4 Bb3 35.Bc5+ Kf7 36.Rdb1 Be6
37.Rd1 Bb3 38.Rdb1 Be6 39.Rd1 g5 40.Bb6 Rxd1 41.Rxd1 Nb5 42.Bxb5 axb5 43.Rd8 Rxd8
44.Bxd8 gxh4+ 45.Kxh4 c5 46.bxc5 b4 47.c6 bxc6 48.a6 b3 49.a7 b2 50.a8=Q b1=Q
51.Qa7+ Kg6 52.Kg3 Qe1+ 53.Qf2 Qxf2+ 54.Kxf2 c5 55.Kg3 c4 56.Ba5 f5 57.Kf4 h5
58.Be1 fxe4 59.fxe4 Bf7 60.Bc3 Be8 61.Be1 Kf6 62.Bh4+ Ke6 63.Ke3 Kd6 64.Kd4 Bf7
65.Bg5 Kc6 66.Bh4 Kb5 67.Be7 Bg6 68.Ke3 Ka4 69.e5 Kb3 70.Bg5 c3  0-1

[Event "Sportaccord WMG Rapid"]
[Site "Beijing CHN"]
[Date "2011.12.10"]
[Round "5"]
[White "Nielsen,PH"]
[Black "Ivanchuk,V"]
[Result "1-0"]
[WhiteElo "2693"]
[BlackElo "2775"]

1.d4 e6 2.c4 Bb4+ 3.Bd2 a5 4.g3 d6 5.Bg2 e5 6.e3 exd4 7.exd4 Nf6 8.Ne2 d5
9.c5 O-O 10.O-O Bxd2 11.Qxd2 Ne4 12.Qf4 Nd7 13.Nbc3 Ndf6 14.Nxe4 Nxe4 15.Nc3 Nxc3
16.bxc3 b6 17.c4 Be6 18.cxb6 cxb6 19.Rab1 dxc4 20.d5 Bd7 21.Qxc4 b5 22.Qf4 b4
23.d6 Rc8 24.Rbc1 Be6 25.Rxc8 Qxc8 26.Rc1 Qb8 27.Qe5 Bxa2 28.Qxa5 b3 29.Rd1 Qd8
30.Qa4 Qf6 31.Bd5 Qc3 32.d7 Rd8 33.Qf4 Qf6 34.Re1  1-0

[Event "Sportaccord WMG Rapid"]
[Site "Beijing CHN"]
[Date "2011.12.11"]
[Round "6"]
[White "Ivanchuk,V"]
[Black "Le Quang Liem"]
[Result "0-1"]
[WhiteElo "2775"]
[BlackElo "2714"]

1.e4 c5 2.Nf3 d6 3.d4 cxd4 4.Nxd4 Nf6 5.Nc3 a6 6.Bc4 e6 7.Bb3 b5 8.O-O Be7
9.Qf3 Qb6 10.Be3 Qb7 11.Qg3 O-O 12.f3 Bd7 13.Rfd1 Nc6 14.Nxc6 Bxc6 15.Ne2 Rfc8
16.Rd2 b4 17.c4 a5 18.Bc2 a4 19.Bd3 Nd7 20.Nd4 Ne5 21.Bf1 Be8 22.Rc1 b3 23.axb3 axb3
24.Qe1 Bd8 25.Qd1 Ba5 26.Rf2 Rab8 27.Nb5 Nxc4 28.Rxc4 Bxb5 29.Rxc8+ Qxc8
30.Qxd6 Be1 31.Bxb5 Bxf2+ 32.Kxf2 Rxb5 33.Bd4 h6 34.h4 Kh7 35.Kg1 Rb7 36.Qg3 f6
37.Qg4 Qd7 38.Bc3 e5 39.Qg3 Qd1+ 40.Kh2 Qc1 41.Qh3 Qf4+ 42.Kg1  0-1

[Event "Sportaccord WMG Blitz"]
[Site "Beijing CHN"]
[Date "2011.12.13"]
[Round "10"]
[White "Ivanchuk,V"]
[Black "Ponomariov,R"]
[Result "1/2-1/2"]
[WhiteElo "2775"]
[BlackElo "2723"]

1.e4 e5 2.Nf3 Nc6 3.Bb5 Nf6 4.d3 Bc5 5.Be3 Bxe3 6.fxe3 d6 7.Bxc6+ bxc6 8.Nc3 O-O
9.O-O c5 10.b3 Be6 11.Qe1 g6 12.h3 Nh5 13.g4 Ng7 14.Qg3 f6 15.Rf2 Qe7 16.Raf1 Rf7
17.Kh2 c6 18.Na4 Raf8 19.c4 Kh8 20.Nc3 Bc8 21.Qh4 h5 22.Qg3 g5 23.Rh1 h4
24.Qg1 Ne6 25.Qd1 Kg7 26.Qd2 Qc7 27.Rb1 a5 28.Kg1 Bd7 29.Qe1 Rb8 30.Rfb2 Rff8
31.Qd2 Rb7 32.Ne1 Rfb8 33.Nc2 Be8 34.Kf2 Bf7 35.Ke1 Be8 36.Kd1 Bf7 37.Kc1 Be8
38.Na4 Bf7 39.Nc3 Be8  1/2-1/2

[Event "Sportaccord WMG Blitz"]
[Site "Beijing CHN"]
[Date "2011.12.13"]
[Round "11"]
[White "Almasi,Z"]
[Black "Ivanchuk,V"]
[Result "1/2-1/2"]
[WhiteElo "2707"]
[BlackElo "2775"]

1.e4 g6 2.d4 Bg7 3.Nc3 d6 4.Be3 c6 5.f4 b5 6.Bd3 Qb6 7.Nf3 Bg4 8.Ne2 Bxf3
9.gxf3 e6 10.c3 Nd7 11.a4 b4 12.a5 Qb7 13.Qb3 Rb8 14.c4 Ne7 15.h4 c5 16.d5 h5
17.Kf2 Qc7 18.Rag1 e5 19.f5 Bh6 20.Bxh6 Rxh6 21.Bc2 Kf8 22.Qe3 Kg7 23.f4 Ng8
24.fxg6 fxg6 25.f5 Ndf6 26.fxg6 Rf8 27.Ke1 Ng4 28.Qd2 Qxa5 29.Ng3 Ne7 30.Nxh5+ Rxh5
31.Rxg4 Qa1+ 32.Bd1 Qb1 33.Qc2 Qa1 34.Qd2 Qb1 35.Qc2 Qa1 36.Qd2 a5 37.Rg5 Rh6
38.h5 Rf4 39.Rf1 Rxe4+ 40.Kf2 Rf4+ 41.Kg2 Rxf1 42.Kxf1 a4 43.Kg2 a3 44.Qf2 Qxb2
45.Be2 Nxg6 46.Bg4  1/2-1/2

[Event "Sportaccord WMG Blitz"]
[Site "Beijing CHN"]
[Date "2011.12.13"]
[Round "14"]
[White "Ivanchuk,V"]
[Black "Le Quang Liem"]
[Result "1/2-1/2"]
[WhiteElo "2775"]
[BlackElo "2714"]

1.d4 d5 2.c4 c6 3.Nf3 Nf6 4.e3 e6 5.Bd3 Nbd7 6.O-O Bd6 7.Nbd2 O-O 8.e4 e5
9.exd5 cxd5 10.cxd5 exd4 11.Nb3 Ne5 12.Bg5 h6 13.Bxf6 Qxf6 14.Nbxd4 Nxf3+
15.Nxf3 Qxb2 16.Re1 Qf6 17.Nd2 Bf5 18.Bxf5 Qxf5 19.Qb3 b6 20.Ne4 Rad8 21.Rad1 Rd7
22.Nxd6 Rxd6 23.Re3 Rc8 24.h3 Rc5 25.Red3 Qe5 26.Re3 Qf5 27.Red3 Qe4 28.Re3 Qf5
29.Red3 Qe4 30.Re3 Qf5 31.Red3 Qf4 32.Rd4 Qe5 33.R4d3 Qf5 34.Rf3 Qg5 35.Rfd3 Qf5  1/2-1/2

[Event "SportAccord Rapid Men 2012"]
[Site "Beijing CHN"]
[Date "2012.12.14"]
[Round "4.7"]
[White "Ivanchuk,V"]
[Black "Karjakin,Sergey"]
[Result "0-1"]
[WhiteElo "2766"]
[BlackElo "2775"]

1.e4 e5 2.Nf3 Nc6 3.Bb5 Nf6 4.d3 Bc5 5.O-O d6 6.c3 O-O 7.h3 Ne7 8.d4 Bb6
9.Bd3 d5 10.dxe5 Nxe4 11.Nbd2 f5 12.exf6 Nxf6 13.Re1 Bf5 14.Nf1 Bxd3 15.Qxd3 Ng6
16.Be3 Ne4 17.Bxb6 axb6 18.Ng3 Nxg3 19.fxg3 Qd6 20.Kh2 c6 21.c4 Rad8 22.Rad1 Qf6
23.cxd5 Ne7 24.Re6 Qxe6 25.dxe6 Rxd3 26.Rxd3 Nd5 27.Ra3 Rb8 28.Ne5 h6 29.Ng6 Re8
30.Nf4 Nxf4 31.gxf4 Rxe6 32.Ra7 Re7 33.Kg3 Kf7 34.Kf3 b5 35.Ra8 b4 36.Rc8 Ke6
37.Rd8 Rd7 38.f5+ Ke7 39.Rxd7+ Kxd7 40.Ke4 Kd6 41.g4 c5 42.h4 c4 43.Kd4 b5
44.g5 h5 45.Ke4 c3 46.Kd3 cxb2 47.Kc2 Ke5  0-1

[Event "SportAccord Rapid Men 2012"]
[Site "Beijing CHN"]
[Date "2012.12.15"]
[Round "6.6"]
[White "Aronian,L"]
[Black "Ivanchuk,V"]
[Result "1/2-1/2"]
[WhiteElo "2815"]
[BlackElo "2766"]

1.d4 Nf6 2.c4 g6 3.Nc3 Bg7 4.e4 O-O 5.Nf3 d6 6.h3 c6 7.Bg5 a6 8.a4 a5 9.Be2 Na6
10.O-O e5 11.Re1 exd4 12.Nxd4 Nc5 13.Qc2 Re8 14.Bf3 Qb6 15.Be3 Bd7 16.Rad1 Rad8
17.g4 Bc8 18.Bg2 Qb4 19.b3 h5 20.g5 Nh7 21.Nce2 Nf8 22.Bd2 Qb6 23.Bc3 Nfe6
24.Nxe6 Bxc3 25.Qxc3 Rxe6 26.Nd4 Re7 27.Re3 Rde8 28.Rde1 Bd7 29.h4 Kh7 30.Nc2 Kg8
31.Qd4 Qc7 32.Rd1 Re6 33.Ne1 Bc8 34.f3 f5 35.gxf6 Qf7 36.Nd3 Nd7 37.Qc3 b6
38.b4 axb4 39.Qxb4 Qxf6 40.Nf2 Ne5 41.Nd3 c5 42.Qb3 Qxh4 43.Nxe5 dxe5 44.Red3 Qg5
45.Kh1 Qe7 46.Bh3 Qh4 47.Kg2 Qg5+ 48.Kh1 Rf6 49.Bxc8 Rxc8 50.Rg1 Qh4+ 51.Kg2 Rcf8
52.Qc3 Qf4 53.Qc1 Qxc1 54.Rxc1 Ra8 55.Ra1 Ra7 56.Rd5 Re6 57.Kf2 Kg7 58.Ke3 Kf6
59.Rd8 h4 60.Kf2 g5 61.Kg2 Kg6 62.Ra3 Rf7 63.Rd5 Rf4 64.a5 bxa5 65.Rxc5 g4
66.fxg4 Rxg4+ 67.Kh3 Rxe4 68.Raxa5 Kf5 69.Ra3 Rg6 70.Rc8 Re1 71.Rf8+ Ke4
72.Kh2 Re3 73.Ra2 h3 74.Rd8 Rc6 75.Ra4 Rc5 76.Rh8 Kd4 77.Rd8+ Ke4 78.Rh8 Re2+
79.Kxh3 Kd3 80.Rd8+ Kc3 81.Rd5 Rxc4 82.Ra3+ Kb4 83.Rg3 e4 84.Kg4 Re1 85.Re5 Rd4
86.Kf4 Kc4 87.Re3 Rf1+ 88.Kg4 Rf8 89.R5xe4 Rxe4+ 90.Rxe4+  1/2-1/2

[Event "Vladimir Petrov Memorial"]
[Site "Jurmala LAT"]
[Date "2013.02.15"]
[Round "3.3"]
[White "Ivanchuk,V"]
[Black "Sulskis,S"]
[Result "1-0"]
[WhiteElo "2758"]
[BlackElo "2556"]

1.e4 e5 2.Nf3 Nc6 3.Bb5 a6 4.Ba4 Nf6 5.O-O b5 6.Bb3 Bc5 7.c3 d6 8.d4 Bb6
9.Be3 O-O 10.Nbd2 h6 11.h3 Bb7 12.Re1 Re8 13.d5 Nb8 14.Bxb6 cxb6 15.Bc2 Nbd7
16.b4 Rc8 17.Re3 Rc7 18.Rc1 Bc8 19.Bd3 Nb8 20.Kh2 Nh5 21.g3 g6 22.Nh4 Ng7
23.a4 bxa4 24.Qxa4 f5 25.Nxg6 Qg5 26.Nh4 f4 27.Rf3 Bg4 28.hxg4 fxg3+ 29.Kxg3 Qxd2
30.Qd1 Qxd1 31.Rxd1 Rxc3 32.Rf6 a5 33.Rxd6 axb4 34.f3 b3 35.Bb5 Rf8 36.Rb1 Kh7
37.Rxb6 Re3 38.Ba4 Rg8 39.R1xb3 Re2 40.Rb7 Na6 41.Bb5 Nc5 42.Bxe2 Nxb3 43.Rxb3  1-0

[Event "Vladimir Petrov Memorial"]
[Site "Jurmala LAT"]
[Date "2013.02.16"]
[Round "6.1"]
[White "Ivanchuk,V"]
[Black "Zhigalko,S"]
[Result "1/2-1/2"]
[WhiteElo "2758"]
[BlackElo "2656"]

1.Nf3 d5 2.d4 c6 3.c4 e6 4.Qc2 dxc4 5.Qxc4 Nf6 6.Qc2 c5 7.dxc5 Qa5+ 8.Nc3 Nc6
9.g3 Bxc5 10.Bg2 O-O 11.O-O Bd7 12.a3 Rac8 13.Bf4 Be7 14.b4 Qb6 15.Be3 Qc7
16.Rfc1 h6 17.Qb3 Qb8 18.Rc2 Rfd8 19.Rac1 e5 20.h3 Be6 21.Qb2 Bf5 22.Rd2 Rxd2
23.Nxd2 Nd4 24.Nb3 Nxb3 25.Qxb3 Be6 26.Qb2 b6 27.h4 Ng4 28.Bd2 Nf6 29.Ne4 Nxe4
30.Bxe4 f5 31.Bc2 Bf6 32.Bb3 Bxb3 33.Qxb3+ Kh8 34.Qe6 Rxc1+ 35.Bxc1 f4 36.Qc6 Qd8
37.Kg2 Qd1 38.Qa8+ Kh7 39.Qe4+ Kh8 40.Bb2 fxg3 41.fxg3 Qb3 42.Bxe5 Bxe5 43.Qxe5 Qxa3
44.b5 Qa2 45.Kf3 Qb3+ 46.Kf2 Qb4 47.Qd5 Qf8+ 48.Ke3 Qe7+ 49.Kf3 Qf8+ 50.Kg4 Qc8+
51.Kf3 a5 52.bxa6 Qxa6 53.Qc6 Qa3+ 54.e3 Qb3 55.Qe8+ Kh7 56.Qe4+ Kh8 57.Qe8+ Kh7
58.Qe4+ Kh8  1/2-1/2

[Event "Vladimir Petrov Memorial"]
[Site "Jurmala LAT"]
[Date "2013.02.16"]
[Round "7.3"]
[White "Ivanchuk,V"]
[Black "Gleizerov,E"]
[Result "1-0"]
[WhiteElo "2758"]
[BlackElo "2546"]

1.g3 d5 2.Bg2 e5 3.c4 d4 4.d3 g6 5.Nf3 Bg7 6.b4 Ne7 7.Nbd2 O-O 8.O-O a5 9.b5 c5
10.bxc6 Nexc6 11.Ba3 Re8 12.Ne4 Nb4 13.c5 Bf8 14.Bxb4 axb4 15.Qb3 Na6 16.Nfg5 Qe7
17.Rfc1 h6 18.Nf3 Be6 19.Qb2 Bd5 20.Nfd2 Red8 21.a3 bxa3 22.Rxa3 Qe6 23.Ra5 Rac8
24.Rb5 f5 25.Nd6 Bxd6 26.cxd6 Rxc1+ 27.Qxc1 Bxg2 28.Kxg2 Rxd6 29.Nc4 Rd5
30.Rb6  1-0

[Event "Vladimir Petrov Memorial"]
[Site "Jurmala LAT"]
[Date "2013.02.16"]
[Round "9.2"]
[White "Ivanchuk,V"]
[Black "Kovalenko,I"]
[Result "1/2-1/2"]
[WhiteElo "2758"]
[BlackElo "2586"]

1.c4 e5 2.g3 Nf6 3.Bg2 c6 4.d4 exd4 5.Qxd4 d5 6.Nf3 Be6 7.cxd5 Qxd5 8.Nc3 Qxd4
9.Nxd4 Bc4 10.b3 Ba6 11.Bb2 Nbd7 12.O-O-O O-O-O 13.Nf5 Kc7 14.e4 Ng4 15.Rd2 g6
16.Nd4 Bc5 17.f4 Bxd4 18.Rxd4 Nc5 19.Nd1 Nd3+ 20.Rxd3 Bxd3 21.h3 Nh6 22.Bg7 Rhe8
23.Bxh6 Bxe4 24.Bxe4 Rxe4 25.f5 Re2 26.Nc3 Rg2 27.Bf4+ Kb6 28.Re1 Ka6 29.Re7 gxf5
30.Rxf7 Rd3 31.Na4 b6 32.Bb8 Rf3 33.Rxa7+ Kb5 34.Rd7 Rxa2 35.Be5 Rh2 36.h4 Rxb3
37.Nc3+ Ka6 38.Rxh7 Ra3 39.Kb1 Rb3+ 40.Kc1 Ra3 41.Kb1 Rb3+  1/2-1/2

[Event "Vladimir Petrov Memorial"]
[Site "Jurmala LAT"]
[Date "2013.02.16"]
[Round "10.2"]
[White "Fedoseev,Vl3"]
[Black "Ivanchuk,V"]
[Result "1/2-1/2"]
[WhiteElo "2510"]
[BlackElo "2758"]

1.e4 e5 2.Nf3 Nc6 3.Bb5 Nf6 4.d3 d6 5.O-O Be7 6.c3 a6 7.Ba4 O-O 8.Re1 Bg4
9.h3 Bh5 10.Nbd2 Nd7 11.Bc2 h6 12.Nf1 Bg5 13.Ne3 Nc5 14.g4 Bg6 15.Nxg5 hxg5
16.Qf3 Ne6 17.Ng2 Qe7 18.Bb3 Ncd8 19.Qg3 f6 20.Ne3 Bf7 21.h4 Nf4 22.Nf5 Qd7
23.hxg5 fxg5 24.Bxf4 gxf4 25.Qh4 Bxb3 26.axb3 g6 27.Qg5 Qh7 28.Nh6+ Kh8 29.Kg2 Ne6
30.Qh4 f3+ 31.Kg3 Nf4 32.Qg5 Ne2+ 33.Rxe2 fxe2 34.Rh1 Rf4 35.Nf5 Rf3+ 36.Kxf3 Qxh1+
37.Kxe2 gxf5 38.Qf6+ Kg8 39.Qg6+  1/2-1/2

[Event "Vladimir Petrov Memorial"]
[Site "Jurmala LAT"]
[Date "2013.02.17"]
[Round "12.1"]
[White "Fier,A"]
[Black "Ivanchuk,V"]
[Result "1/2-1/2"]
[WhiteElo "2577"]
[BlackElo "2758"]

1.d4 Nf6 2.c4 e6 3.Nf3 b6 4.g3 Ba6 5.b3 Bb4+ 6.Bd2 Be7 7.Bg2 c6 8.Bc3 d5
9.Ne5 Nfd7 10.Nxd7 Nxd7 11.Nd2 O-O 12.O-O f5 13.a4 Nf6 14.a5 c5 15.e3 Qd7
16.Qc2 Ne4 17.Nxe4 fxe4 18.Rfd1 Qc6 19.axb6 axb6 20.dxc5 bxc5 21.Qb2 Rf7
22.Bf1 Bb7 23.Rxa8+ Bxa8 24.Be5 Bb7 25.Bg2 Bf8 26.h4 h6 27.Bf1 Rd7 28.Bg2 Rf7
29.Bh3 Ba6 30.Qc2 Bb7 31.Bg2 Qb6 32.Ra1 d4 33.Bxe4 dxe3 34.fxe3 Bxe4 35.Qxe4 Qxb3
36.Bf4 Rf6 37.Rb1 Qa2 38.Rf1 Qe2 39.Rf2 Qg4 40.Qe5 Qd1+ 41.Kg2 Qd3 42.g4 Qxc4
43.Rd2 Rf7 44.h5 Be7 45.Qb8+ Rf8 46.Qb7 Bg5 47.Rd7 Qc2+ 48.Kg3 Qc3 49.Kg2 Bxf4
50.exf4 Rxf4 51.Rd8+ Rf8 52.Rxf8+ Kxf8 53.Qb8+ Kf7 54.Qc7+ Kg8 55.Qb8+  1/2-1/2

[Event "Vladimir Petrov Memorial"]
[Site "Jurmala LAT"]
[Date "2013.02.17"]
[Round "13.2"]
[White "Ivanchuk,V"]
[Black "Ehlvest,J"]
[Result "1-0"]
[WhiteElo "2758"]
[BlackElo "2613"]

1.e4 e5 2.Nf3 Nc6 3.Bb5 d6 4.d4 Bd7 5.d5 Nb8 6.c4 Nf6 7.Nc3 Be7 8.Bxd7+ Nbxd7
9.Be3 g6 10.h3 Nh5 11.O-O O-O 12.Rc1 Ng7 13.b4 f5 14.c5 f4 15.cxd6 cxd6 16.Bd2 a6
17.b5 g5 18.bxa6 bxa6 19.Ne1 h5 20.Nd3 a5 21.g4 f3 22.Ne1 hxg4 23.hxg4 Nf6
24.Qxf3 Qd7 25.Qh3 Nxg4 26.Kg2 Kf7 27.f3 Nf6 28.Qxd7 Nxd7 29.Nd3 a4 30.Rb1 Ra7
31.Nb5 Raa8 32.Nc3 Ra7 33.Rb4 Nh5 34.Rfb1 Nf4+ 35.Bxf4 exf4 36.Nb5 Ra5 37.Nd4 Nc5
38.Nc6 Nxd3 39.Rb7 Rc5 40.Rxe7+ Kg6 41.Re6+ Kg7 42.Nd4 g4 43.Rxd6 gxf3+ 44.Kxf3 Ne5+
45.Kf2 Rc4 46.Ne6+ Kf7 47.Rb7+  1-0

[Event "26th Leon Masters g5"]
[Site "Leon ESP"]
[Date "2013.06.09"]
[Round "2"]
[White "Ivanchuk,V"]
[Black "Giri,A"]
[Result "1/2-1/2"]
[WhiteElo "2753"]
[BlackElo "2734"]

1.d4 Nf6 2.c4 g6 3.g3 Bg7 4.Bg2 d5 5.Nf3 O-O 6.O-O Nc6 7.Nbd2 a5 8.b3 dxc4
9.Nxc4 Be6 10.Bb2 Bd5 11.a4 Re8 12.e3 Nb4 13.Qe2 Ra6 14.Rfd1 e6 15.Nfe5 Bxg2
16.Kxg2 Nd7 17.Nf3 Nb6 18.e4 f5 19.Ncd2 Nd7 20.Rac1 Rc6 21.Ba3 Rxc1 22.Rxc1 Nc6
23.exf5 exf5 24.Qc4+ Kh8 25.d5 Nb6 26.Qb5 Qxd5 27.Nc4 Nxc4 28.Rxc4 Qxb5 29.axb5 Be5
30.Bd6 cxd6  1/2-1/2

[Event "FIDE GP Beijing"]
[Site "Beijing CHN"]
[Date "2013.07.07"]
[Round "4.3"]
[White "Topalov,V"]
[Black "Ivanchuk,V"]
[Result "1/2-1/2"]
[WhiteElo "2767"]
[BlackElo "2733"]

1.e4 c5 2.Nf3 Nc6 3.d4 cxd4 4.Nxd4 Qb6 5.Nb3 Nf6 6.Bd3 e6 7.Be3 Qc7 8.f4 d6
9.c4 Nb4 10.Nc3 Nxd3+ 11.Qxd3 a6 12.O-O Be7 13.Rac1 O-O 14.h3 b6 15.Nd4 Bb7
16.b3 Rae8 17.a4 Qc8 18.Rfe1 Nd7 19.Bf2 Nc5 20.Qb1 Qa8 21.b4 Nd7 22.Nb3 Rc8
23.Qd3 Rc7 24.a5 Rfc8 25.axb6 Rxc4 26.Na5 Rxb4 27.Rb1 Nc5 28.Qe2 Rxb1 29.Rxb1 Bf6
30.e5 dxe5 31.Bxc5 Rxc5 32.Nxb7 Qxb7 33.Ne4 Rc6 34.Nxf6+ gxf6 35.Qd1 e4 36.Rb3 e3
37.Kh2 h6 38.Qd8+ Kh7 39.Rxe3 Qxb6 40.Qxf6 Qxe3 41.Qxf7+ Kh8 42.Qf8+ Kh7
43.Qf7+ Kh8 44.Qf8+ Kh7 45.Qf7+ Kh8 46.Qf8+ Kh7  1/2-1/2

[Event "FIDE GP Beijing"]
[Site "Beijing CHN"]
[Date "2013.07.10"]
[Round "6.4"]
[White "Giri,A"]
[Black "Ivanchuk,V"]
[Result "1/2-1/2"]
[WhiteElo "2734"]
[BlackElo "2733"]

1.e4 e5 2.Nf3 Nc6 3.Bb5 a6 4.Ba4 Nf6 5.O-O Be7 6.d3 d6 7.c3 O-O 8.Nbd2 Nd7
9.Re1 Nb6 10.Bb3 a5 11.a4 Kh8 12.d4 exd4 13.Nxd4 Nxd4 14.cxd4 f5 15.e5 dxe5
16.dxe5 Bb4 17.e6 c6 18.Re2 Re8 19.Qc2 Qf6 20.Nc4 Nd5 21.Bd2 Rxe6 22.Rae1 Rxe2
23.Rxe2 Bd7 24.Bxb4 axb4 25.Ne5 Be6 26.Nd3 f4 27.Re1 f3 28.Bxd5 Bxd5 29.Nxb4 Bf7
30.Nd3 fxg2 31.Nc5 Bd5 32.Qd2 Qf7 33.a5 h6 34.Nd3 Rf8 35.b4 Qf5 36.Nc5 Qf7
37.Nd3 Re8 38.Rxe8+ Qxe8 39.Nf4 Bc4 40.Kxg2 Qf7 41.Qd4 Qf5 42.Qxc4 Qg4+ 43.Kf1 Qd1+
44.Kg2 Qg4+ 45.Kf1 Qd1+ 46.Kg2 Qg4+  1/2-1/2

[Event "FIDE GP Beijing"]
[Site "Beijing CHN"]
[Date "2013.07.14"]
[Round "9.2"]
[White "Ivanchuk,V"]
[Black "Leko,P"]
[Result "1/2-1/2"]
[WhiteElo "2733"]
[BlackElo "2737"]

1.d4 Nf6 2.c4 e6 3.Nc3 Bb4 4.e3 O-O 5.Bd3 d5 6.Nf3 c5 7.O-O cxd4 8.exd4 dxc4
9.Bxc4 b6 10.Qe2 Bb7 11.Rd1 Nbd7 12.d5 Bxc3 13.dxe6 Bxf3 14.gxf3 fxe6 15.bxc3 Qc7
16.Bxe6+ Kh8 17.Qc4 Qb7 18.Bxd7 Nxd7 19.Qd5 Qxd5 20.Rxd5 Nc5 21.Kg2 Rad8
22.Rxd8 Rxd8 23.Be3 Kg8 24.Rb1 Rd3 25.Bxc5 bxc5 26.c4 Rc3 27.Rb7 a5 28.Rb5 Ra3
29.Rxc5 Rxa2 30.Rc7 a4 31.Ra7 a3 32.c5 Rc2 33.c6 Rxc6 34.Rxa3 Rg6+ 35.Kf1 Rh6
36.Kg2 Rg6+ 37.Kf1 Rh6 38.Kg2  1/2-1/2

[Event "FIDE GP Beijing"]
[Site "Beijing CHN"]
[Date "2013.07.16"]
[Round "11.1"]
[White "Ivanchuk,V"]
[Black "Karjakin,Sergey"]
[Result "1/2-1/2"]
[WhiteElo "2733"]
[BlackElo "2776"]

1.Nf3 Nf6 2.c4 b6 3.Nc3 Bb7 4.d4 e6 5.Bg5 Be7 6.e3 O-O 7.Be2 h6 8.Bh4 d5
9.Bxf6 Bxf6 10.cxd5 exd5 11.O-O Nd7 12.b4 c6 13.Qb3 b5 14.a4 a6 15.a5 g6
16.Rac1 Bg7 17.Rc2 Qe7 18.Bd3 Nf6 19.Rfc1 Rfd8 20.Ne5 Nd7 21.Nxd7 Rxd7 22.Nb1 Bf8
23.Rb2 Qf6 24.Nd2 Bd6 25.g3 Re8 26.Bf1 Rc7 27.Bg2 Kh7 28.h4 Rd8 29.Qc3 Bf8
30.Bh3 Kg7 31.Rbb1 g5 32.hxg5 hxg5 33.Qd3 Bd6 34.Kg2 Rh8 35.Rh1 Re7 36.Qf5 Ree8
37.Nf3 Rh5 38.Qxf6+ Kxf6 39.Ne1 Bc8 40.Bxc8 Rxh1 41.Kxh1 Rxc8 42.Kg2 g4 43.Nc2 Rh8
44.Rb3 Ke6 45.Na3 Kd7 46.Nb1 Rh5 47.Nd2 Rh6 48.Rb1 Rh8 49.Rb3 Rh5 50.Rb1 Rh8
51.Rb3  1/2-1/2

[Event "ACP Cup 2013"]
[Site "Riga LAT"]
[Date "2013.09.13"]
[Round "1.1"]
[White "Wojtaszek,R"]
[Black "Ivanchuk,V"]
[Result "1/2-1/2"]
[WhiteElo "2701"]
[BlackElo "2731"]

1.d4 f5 2.g3 Nf6 3.Bg2 g6 4.c4 Bg7 5.Nf3 O-O 6.O-O d6 7.Nc3 c6 8.Rb1 a5 9.Qb3 h6
10.Rd1 Nbd7 11.Qc2 Qe8 12.d5 cxd5 13.cxd5 Nc5 14.Be3 b6 15.b4 axb4 16.Rxb4 Bd7
17.Nd4 Ng4 18.Bc1 g5 19.Ne6 Nxe6 20.dxe6 Bxe6 21.Bxa8 Qxa8 22.Bb2 Qe8 23.h3 Nf6
24.Nb5 f4 25.g4 Qf7 26.Nd4 Rc8 27.Qd3 Bc4 28.Qc2 Be6 29.Qd2 Bd7 30.Rxb6 Qxa2
31.Rb7 Qd5 32.Ra7 h5 33.Ra5 Rc5 34.Rxc5 Qxc5 35.Rc1 Qd5 36.Nf3 hxg4 37.Bxf6 Qxd2
38.Nxd2 Bxf6 39.Ne4 gxh3 40.Rc7 Bb5 41.Nxf6+ exf6 42.e3 fxe3 43.fxe3 d5 44.Rc5 Be2
45.Rxd5 Kf7 46.Kh2 Bf1 47.Kg3 Ke6 48.Rd2 Ke5 49.Rd4 Bg2 50.Rb4 Ke6 51.Ra4 Ke5
52.Rb4 Ke6  1/2-1/2

[Event "ACP Cup 2013"]
[Site "Riga LAT"]
[Date "2013.09.13"]
[Round "1.2"]
[White "Ivanchuk,V"]
[Black "Wojtaszek,R"]
[Result "0-1"]
[WhiteElo "2731"]
[BlackElo "2701"]

1.Nf3 Nf6 2.c4 e6 3.Nc3 b6 4.g3 Bb7 5.Bg2 Be7 6.d4 Ne4 7.Bd2 d5 8.cxd5 exd5
9.Qa4+ Qd7 10.Qc2 Nxd2 11.Qxd2 Nc6 12.O-O O-O 13.Rfd1 Rfe8 14.Rac1 Bf8 15.h4 Rad8
16.e3 Qe7 17.Ne1 Na5 18.b3 g6 19.Nd3 Bg7 20.Qc2 c6 21.Rd2 Bc8 22.Qd1 Bf5
23.Ne2 Bg4 24.Qf1 Bxe2 25.Rxe2 Bxd4 26.e4 c5 27.Rce1 dxe4 28.Rxe4 Qf8 29.Nf4 Rxe4
30.Bxe4 Qd6 31.Qb5 Kg7 32.Kg2 Be5 33.Nd3 Bc3 34.Re2 f5 35.Nf4 fxe4 36.Rxe4 Be5  0-1